Регионална библиотека "Любен Каравелов" - Русе

Бялата крепост (Запис номер 50224)

MARC детайли
000 -Лидер
Контролно поле с фиксирана дължина 01132nam a2200313 c 4500
003 - Код на организацията, давaща контролен номер
Контролно поле BLK
005 - Дата и час на последна редакция
Контролно поле 20250620111314.0
008 - Елементи от данни с фиксирана дължина
fixed length control field 180408b bul|||||r ||||||| ||bul||
010 ## - Наследен системен номер
LC control number KNG00054095000
020 ## - Международен стандартен номер на книга ISBN
Международен стандартен номер на книга ISBN 954-9745-87-2
-- издат.: Еднорог
040 ## - Източник на каталожния запис
Идентификатор на билиотеката - собственик на записа BLK
041 ## - Код за език
Код за езика на текст/звукозапис или на отделно заглавие Български
Код за езика КДБФ Български
080 ## - УДК
Текстов определител УДК Турска литература
УДК код - определител по УДК 821.512.161
УДК определител -31
УДК - код + определител 821.512.161-31
100 1# - Редна дума - Автор
Автор Памук, Орхан
Авторска отговорност първи автор
R(LIN) 105861
139 ## - Редно поле
Редна дума Памук, Орхан
Авторски знак Пам - П 16
245 10 - Сведения за заглавието
Заглавие Бялата крепост
Подзаглавни данни Роман
Редно поле (дума) Орхан Памук; прев. Розия Бечева Самуилова.
257 ## - Страна на издаване
Страна на създаване/издаване Турция
260 ## - Област на издателските данни
-- София
Име на издателя, разпространителя и проч. Еднорог
Година на издаване 2005
Печатница София : Дракон
300 ## - Физическа характеристика
Страници 224 с.
Размери/Мащаб 20 см
380 ## - Жанр
Жанр Худож. лит.
500 ## - Общи забележки
Забележка Ориг. загл. Beyaz kale
700 1# - Други автори (авторска отговорност)
Лично име Самуилова, Розия Бечева
Автороска отговорност (Описва отношението между автора и произведението) прев.
9 (RLIN) 283071
852 ## - Местоположение
Форматна сигнатура Цб 223912
856 4# - Електронен адрес и достъп
Електронен формат pdf - файл
Път до файла /url/
856 4# - Електронен адрес и достъп
Електронен формат pdf - файл
Път до файла /url/
942 ## - АРТИКУЛИ
Вид на библиотечния материал Книги
Скрит в OPAC Не
Koha issues (borrowed), all copies 19
944 ## - СЪЗДАВАНЕ И РЕДАКЦИЯ на ЗАПИСА
Създаване/Редакция Създаване
Дата на регистрацията/редакция 31.05.2005
Служител, извършил регистрацията/редакцията 30576
Статус, дата на статуса Цветомила Тодорова
944 ## - СЪЗДАВАНЕ И РЕДАКЦИЯ на ЗАПИСА
Създаване/Редакция Редакция
Дата на регистрацията/редакция 24.08.2015
Служител, извършил регистрацията/редакцията Виолета_Тройчева
999 ## - СИСТЕМНИ КОНТРОЛНИ НОМЕРА
Koha biblionumber 50224
Koha biblioitemnumber 50224
Наличности
Код за отписване Код за изгубен артикул Източник на класификационната схема Код за повреда Коз за рестрикции Код за отдаване Артикулен № Име на библиотеката - собственик Име на библиотеката, в която се намира в момента Статус (Текущо местоположение) Дата на вписване в системата Местоположение - отдел Цена в лева Инвентарен номер Систематично азбучна сигнатура Баркод Номер на екземпляра Цена в евро Служебна бележка Служебен тип на артикула
  Не е изгубен Universal Decimal Classification Не е повреден без рестрикции заемане за дома 78565 Регионална библиотека "Любен Каравелов" Русе Регионална библиотека "Любен Каравелов" Русе Заемна - подръчен фонд 2005-05-31 Заемна - подръчен фонд 7.40 120000694566 П 894.35-31/П 16 120000694566 1 3.78 Дост: Pk Вид: Ф N: 3 Дата: 31.05.2005 Дата инв: 08.02.2018 Бележки инв: П2018 Книги
  Не е изгубен   Не е повреден без рестрикции ползва се в читалня 78566 Регионална библиотека "Любен Каравелов" Русе Регионална библиотека "Любен Каравелов" Русе Хранилище 2006-10-02 Хранилище 7.40 120000705521 Цб 223912 120000705521 2 3.78 Дост: Dp Вид: Д N: 41 Дата: 28.09.2005 Книги
Изтеглен Не е изгубен   Не е повреден без рестрикции заемане за дома 78567 Регионална библиотека "Любен Каравелов" Русе Регионална библиотека "Любен Каравелов" Русе Заемна - подръчен фонд 2006-12-28 Заемна - подръчен фонд 7.40 120000707904 П 894.35-31/П 16 120000707904 3 3.78 Дост: Pk Вид: Ф N: 47857 Дата: 21.12.2006 Дата инв: 08.02.2018 Бележки инв: П2018 Книги
Vip Innovations Ltd, Rousse, Bulgaria 2025